| 000 | 00946nam a22002897a 4500 | ||
|---|---|---|---|
| 001 | 4630 | ||
| 003 | FISKH | ||
| 005 | 20240918123640.0 | ||
| 008 | 240918b cb ||||| |||| 00| 0 eng d | ||
| 020 | _a9780374480097 | ||
| 040 |
_aFISKH _beng _cFISKH _dFISKH |
||
| 050 | _aPZ7.B1135 | ||
| 082 | _2813.54 | ||
| 100 |
_aBabbitt, Natalie _d(1932–2016) |
||
| 245 |
_aTuck everlasting / _cNatalie Babbitt |
||
| 250 | _aEdition in 1985 | ||
| 260 |
_aCanada : _bSunburst, _c1975. |
||
| 300 |
_a139 pages : _c20cm |
||
| 505 | _aR | ||
| 520 | _aThe Tuck family is confronted with an agonizing situation when they discover that a ten-year-old girl and a malicious stranger now share their secret about a spring whose water prevents one from ever growing any older. | ||
| 521 | 8 |
_a770L
_bLexile |
|
| 521 | 8 |
_aR
_bRaz-Plus |
|
| 650 |
_2Fiction _aFantasy |
||
| 650 |
_2Friendship _aModern fantasy |
||
| 942 |
_2ddc _cBK _n0 |
||
| 999 |
_c4630 _d4630 |
||